000 00256nam a22001217a 4500
082 _a530 DAT'I
100 _aDATTA, G.L.DR
_957135
245 _aINTERMEDIATE PHYSICS
250 _a16TH
260 _aDELHI
_bATMA RAM
_c1959
300 _a783P
942 _cBK
999 _c567431
_d567431